000 00192 a2200109 4500
020 _a9780938317524
041 _aspa
100 _aJose Galvez
245 _aVatos
942 _cBK
952 _71
999 _c18755
_d18755